[Event "22nd ch-EUR Indiv 2022"]
[Site "Terme Catez SLO"]
[Date "2022.04.04"]
[Round "9.57"]
[White "Muradli, Mahammad"]
[Black "Haring, Filip"]
[Result "1-0"]
[WhiteTitle "IM"]
[BlackTitle "FM"]
[WhiteElo "2537"]
[BlackElo "2425"]
[WhiteFideId "13409301"]
[BlackFideId "14933080"]
[EventDate "2022.03.27"]

1. Nf3 d5 2. c4 d4 3. b4 g5 4. g3 Bg7 5. d3 g4 6. Nfd2 h5 7. h4 f5 8. Bg2 Nc6 9.
b5 Ne5 10. Nb3 Nh6 11. Bb2 f4 12. gxf4 Ng6 13. Be4 Nxf4 14. e3 Ne6 15. Bg6+ Nf7
16. Bxf7+ Kxf7 17. Qc2 Rh6 18. N1d2 dxe3 19. fxe3 Bxb2 20. Qxb2 Qxd3 21. O-O-O
b6 22. Rhf1+ Ke8 23. Qe5 Bb7 24. Nd4 Qa3+ 25. Kb1 Qc5 26. Rf5 Qxe5 27. Rxe5 Nf8
28. c5 bxc5 29. Nf5 Rh7 30. Rxc5 Rd8 31. Kc1 Ne6 32. Re5 Rd5 33. Nc4 Rxd1+ 34.
Kxd1 Kf7 35. Ng3 Rh8 36. Ke1 Ng7 37. Rg5 Rh6 38. Rc5 Ne6 39. Rf5+ Ke8 40. Ne5
Rh7 41. a4 Ng7 42. Rg5 e6 43. e4 Ke7 44. Ke2 a6 45. bxa6 Bxa6+ 46. Ke3 Kd6 47.
Ng6 Rh6 48. Nf4 Rh7 49. Kd4 Nf5+ 50. Nxf5+ exf5 51. Rg6+ Kd7 52. Rxa6 fxe4 53.
Ra5 Rf7 54. Kxe4 1-0

[Event "22nd ch-EUR Indiv 2022"]
[Site "Terme Catez SLO"]
[Date "2022.04.04"]
[Round "9.58"]
[White "Injac, Teodora"]
[Black "Suleymanli, Aydin"]
[Result "0-1"]
[WhiteTitle "WGM"]
[BlackTitle "GM"]
[WhiteElo "2407"]
[BlackElo "2525"]
[WhiteFideId "932400"]
[BlackFideId "13413937"]
[EventDate "2022.03.27"]

1. Nf3 d5 2. g3 Nf6 3. Bg2 c6 4. O-O Bg4 5. c4 e6 6. d3 Nbd7 7. cxd5 exd5 8. h3
Bxf3 9. exf3 Be7 10. f4 O-O 11. Nd2 a5 12. Nf3 a4 13. Bd2 Qb6 14. Bc3 a3 15. b4
Rfe8 16. Rb1 Bf8 17. h4 Re7 18. Bh3 Ne8 19. h5 Nd6 20. Bd4 Qd8 21. Nh4 Nb5 22.
Nf5 Nxd4 23. Nxd4 g6 24. Nf3 Bg7 25. d4 Nb6 26. b5 Nc4 27. bxc6 bxc6 28. Ne5 Qd6
29. Qc2 c5 30. Bg2 Rc8 31. Rb5 Rec7 32. hxg6 hxg6 33. Nxc4 dxc4 34. dxc5 Rxc5
35. Rb7 c3 36. Be4 Qe6 37. Rd1 Re8 38. Rb4 Qg4 39. Kg2 Rh5 40. Bf3 Rh2+ 41. Kxh2
Qxf3 42. Rf1 Re2 43. Qb3 Rxf2+ 44. Rxf2 Qxf2+ 45. Kh3 Qf1+ 46. Kg4 Qh1 47. Rb5
c2 48. Qxc2 f5+ 49. Rxf5 gxf5+ 50. Qxf5 Qc6 51. Kg5 Qc4 52. Kg6 Qxa2 53. Qc8+
Bf8 54. Qd7 Qb1+ 55. f5 Qb6+ 56. f6 Qb1+ 57. Kg5 Qh7 58. Qd5+ Qf7 59. Qd4 a2 60.
Kf5 Bg7 0-1

[Event "22nd ch-EUR Indiv 2022"]
[Site "Terme Catez SLO"]
[Date "2022.04.04"]
[Round "9.59"]
[White "Valsecchi, Alessio"]
[Black "Wachinger, Nikolas"]
[Result "1/2-1/2"]
[WhiteTitle "GM"]
[WhiteElo "2524"]
[BlackElo "2376"]
[WhiteFideId "818860"]
[BlackFideId "12962791"]
[EventDate "2022.03.27"]

1. e4 c5 2. Nf3 d6 3. d4 cxd4 4. Qxd4 Nc6 5. Qe3 Nf6 6. Be2 g6 7. O-O Bg7 8. h3
O-O 9. Rd1 Be6 10. Nc3 Qc7 11. a3 a6 12. Rb1 Rac8 13. Qf4 Na5 14. Qh4 Nc4 15.
Ng5 Rfd8 16. a4 Qa5 17. b4 Qc7 18. Rb3 Ne5 19. Nxe6 fxe6 20. a5 d5 21. exd5 exd5
22. Be3 Nc4 23. Bf4 Qc6 24. Bf3 e6 25. Ne2 Qe8 26. Bg5 Qf7 27. Nf4 Nd6 28. Bg4
Re8 29. Rf3 Rc4 30. Nxd5 exd5 31. Bxf6 Nf5 32. Rxf5 gxf5 33. Bh5 Rxh4 34. Bxf7+
Kxf7 35. Bxh4 d4 36. f3 Rc8 37. Bf2 Rc4 38. g4 Rxb4 39. gxf5 Be5 40. Kg2 Kf6 41.
f4 Bxf4 42. Bxd4+ Kxf5 43. Kf3 Bc7 44. Be3 Ke6 45. Rg1 Rh4 46. Rg7 Rxh3+ 47. Ke2
Bxa5 48. Rxb7 1/2-1/2

[Event "22nd ch-EUR Indiv 2022"]
[Site "Terme Catez SLO"]
[Date "2022.04.04"]
[Round "9.60"]
[White "Budisavljevic, Luka"]
[Black "Lenaerts, Lennert"]
[Result "1-0"]
[WhiteTitle "GM"]
[BlackTitle "FM"]
[WhiteElo "2519"]
[BlackElo "2361"]
[WhiteFideId "960047"]
[BlackFideId "211435"]
[EventDate "2022.03.27"]

1. d4 d5 2. c4 c6 3. e3 Nf6 4. Nc3 Bf5 5. Nf3 e6 6. Nh4 Be4 7. f3 Bg6 8. Qb3 Qc7
9. cxd5 cxd5 10. Bd2 Nc6 11. O-O-O a6 12. Nxg6 hxg6 13. Kb1 Be7 14. Rc1 Rb8 15.
h4 g5 16. Be1 gxh4 17. Bxh4 Qd7 18. Bd3 b5 19. Ne2 Na5 20. Qc3 Nc4 21. b3 Rb7
22. Ka1 Nxe3 23. Bg5 Rxh1 24. Rxh1 Nf5 25. Rh8+ Bf8 26. Bxf5 exf5 27. Bxf6 gxf6
28. Qc5 1-0

[Event "22nd ch-EUR Indiv 2022"]
[Site "Terme Catez SLO"]
[Date "2022.04.04"]
[Round "9.61"]
[White "Bukal, Vladimir Jr."]
[Black "Noe, Christopher"]
[Result "0-1"]
[WhiteTitle "IM"]
[BlackTitle "IM"]
[WhiteElo "2391"]
[BlackElo "2515"]
[WhiteFideId "14502941"]
[BlackFideId "24692018"]
[EventDate "2022.03.27"]

1. d4 d5 2. Bg5 f6 3. Bc1 c5 4. e4 dxe4 5. d5 f5 6. Nc3 Nf6 7. f3 g6 8. Nh3 exf3
9. Qxf3 Bg7 10. Bb5+ Nbd7 11. Ng5 O-O 12. Bf4 a6 13. Ne6 Ne5 14. Bxe5 Bxe6 15.
dxe6 axb5 16. Qxb7 b4 17. Nb5 Qc8 18. Qxc8 Rfxc8 19. O-O Ra6 20. a4 bxa3 21.
Rxa3 Rxe6 22. Bc3 Rb8 23. Nc7 Re2 24. Na6 Rb5 25. Nc7 Rb7 26. Ra8+ Kf7 27. Rc8
Rxc2 28. g4 Nxg4 29. Bxg7 Kxg7 30. Ne6+ Kh6 0-1

[Event "22nd ch-EUR Indiv 2022"]
[Site "Terme Catez SLO"]
[Date "2022.04.04"]
[Round "9.62"]
[White "Maurizzi, Marc'Andria"]
[Black "Dobrovoljc, Vid"]
[Result "1-0"]
[WhiteTitle "GM"]
[BlackTitle "FM"]
[WhiteElo "2493"]
[BlackElo "2406"]
[WhiteFideId "36083534"]
[BlackFideId "14609843"]
[EventDate "2022.03.27"]

1. d4 Nf6 2. c4 e6 3. Nc3 Bb4 4. e3 O-O 5. Bd2 d5 6. Nf3 b6 7. cxd5 exd5 8. Bd3
Bd6 9. O-O c5 10. dxc5 Bxc5 11. Ne2 a5 12. Bc3 Bb7 13. Nf4 Nbd7 14. Qc2 Qe7 15.
Rad1 Rfd8 16. Bb5 Qe4 17. Qe2 Bd6 18. Bxd7 Nxd7 19. Rd4 Qf5 20. Nh4 Qg5 21. Nh3
Qe5 22. Rf4 Qe8 23. Nf5 Bxf4 24. Nxg7 Qe7 25. Nf5 Qe4 26. Qg4+ Kf8 27. Nxf4 Nc5
28. f3 Qc4 29. Qg7+ Ke8 30. Qe5+ 1-0

[Event "22nd ch-EUR Indiv 2022"]
[Site "Terme Catez SLO"]
[Date "2022.04.04"]
[Round "9.63"]
[White "Bilovil, Bogdan"]
[Black "Saraci, Nderim"]
[Result "0-1"]
[BlackTitle "IM"]
[WhiteElo "2272"]
[BlackElo "2488"]
[WhiteFideId "14168766"]
[BlackFideId "6351921"]
[EventDate "2022.03.27"]

1. e4 e5 2. Nf3 Nc6 3. Bb5 a6 4. Ba4 Nf6 5. O-O Be7 6. Re1 b5 7. Bb3 d6 8. c3
O-O 9. h3 Bb7 10. d4 Na5 11. Bc2 exd4 12. cxd4 c5 13. b3 Nc6 14. Nc3 Nxd4 15.
Nxd4 cxd4 16. Qxd4 Rc8 17. Bb2 d5 18. e5 Bc5 19. Qd3 Ne4 20. Nxe4 dxe4 21. Qxd8
Rfxd8 22. Re2 e3 23. fxe3 Bxe3+ 24. Kh1 g6 25. Rd1 Bf4 26. Kg1 Rxd1+ 27. Bxd1
Rd8 28. Bc2 Bg3 29. Bc3 Rc8 30. Bb2 b4 31. Kf1 a5 32. Bd3 Rd8 33. Rd2 Be4 34.
Ke2 Bxg2 35. Rc2 Bxh3 36. Rc5 Bg4+ 37. Ke3 Bh4 38. Bc4 Bg5+ 39. Ke4 Bh3 40. Kf3
Be6 41. Bxe6 fxe6 42. Rxa5 Rd3+ 43. Kg4 Be3 44. Rb5 h5+ 45. Kf3 Bg5+ 46. Ke4
Re3+ 0-1

[Event "22nd ch-EUR Indiv 2022"]
[Site "Terme Catez SLO"]
[Date "2022.04.04"]
[Round "9.64"]
[White "Valiyev, Shahin"]
[Black "Ioannidis, Evgenios"]
[Result "0-1"]
[BlackTitle "IM"]
[WhiteElo "1961"]
[BlackElo "2481"]
[WhiteFideId "13424203"]
[BlackFideId "4229274"]
[EventDate "2022.03.27"]

1. e4 c5 2. c3 Nf6 3. e5 Nd5 4. Bc4 Nb6 5. Bb3 d6 6. exd6 Qxd6 7. Nf3 c4 8. Bc2
Qe6+ 9. Qe2 f6 10. Na3 Qxe2+ 11. Kxe2 e5 12. b3 Be6 13. bxc4 Nxc4 14. Bb3 Bxa3
15. Bxa3 Kf7 16. Bc1 Nc6 17. d3 Nd6 18. Bxe6+ Kxe6 19. Nd2 Rhd8 20. Rb1 b6 21.
a4 Rac8 22. Ba3 Ne7 23. c4 Ng6 24. g3 e4 25. Bxd6 exd3+ 26. Kxd3 Rxd6+ 27. Kc3
Ne5 28. f4 Rd3+ 29. Kc2 Rcd8 30. Rbd1 Ng4 31. Rde1+ Ne3+ 32. Kc1 Kf5 33. Re2
Rc3+ 34. Kb1 Nxc4 35. g4+ Kxg4 36. Rg1+ Kf5 37. Ne4 Rb3+ 38. Ka2 Ra3+ 39. Kb1
Kxf4 40. Rxg7 Rd1+ 41. Kc2 Rdd3 42. Nxf6 Rac3+ 0-1

[Event "22nd ch-EUR Indiv 2022"]
[Site "Terme Catez SLO"]
[Date "2022.04.04"]
[Round "9.65"]
[White "Ahmadzada, Ahmad"]
[Black "Bilych, Olexiy"]
[Result "1-0"]
[WhiteTitle "IM"]
[BlackTitle "FM"]
[WhiteElo "2480"]
[BlackElo "2342"]
[WhiteFideId "13413007"]
[BlackFideId "14156504"]
[EventDate "2022.03.27"]

1. e4 c5 2. Nf3 d6 3. Nc3 a6 4. a4 e6 5. g3 Nf6 6. e5 dxe5 7. Nxe5 Qc7 8. Nf3
Bd7 9. Bg2 Bc6 10. O-O Nbd7 11. a5 Rd8 12. Qe2 Be7 13. d3 O-O 14. Re1 Rfe8 15.
Bf4 Bd6 16. Bg5 h6 17. Bxf6 Nxf6 18. Nd2 Nd5 19. Nc4 Nb4 20. Ne4 Bf8 21. f4 Be7
22. Ne5 f5 23. Nxc6 Nxc6 24. Nd2 Bf6 25. Nc4 Bd4+ 26. Kh1 e5 27. c3 exf4 28.
Qxe8+ Rxe8 29. Rxe8+ Kf7 30. Rc8 Qe7 31. cxd4 Nxd4 32. gxf4 Qh4 33. Ne5+ Ke6 34.
Re8+ Kd6 35. Nc4+ Kd7 36. Rae1 1-0

[Event "22nd ch-EUR Indiv 2022"]
[Site "Terme Catez SLO"]
[Date "2022.04.04"]
[Round "9.66"]
[White "Beydullayeva, Govhar"]
[Black "Mirzoev, Emil"]
[Result "1/2-1/2"]
[WhiteTitle "WIM"]
[BlackTitle "GM"]
[WhiteElo "2308"]
[BlackElo "2475"]
[WhiteFideId "13413015"]
[BlackFideId "14108640"]
[EventDate "2022.03.27"]

1. d4 Nf6 2. c4 e6 3. Nf3 a6 4. Nc3 d5 5. cxd5 exd5 6. Bg5 Be6 7. Bxf6 Qxf6 8.
Qb3 Ra7 9. g3 Bd6 10. Bg2 Qd8 11. O-O O-O 12. Rad1 Nd7 13. Qc2 c6 14. e4 dxe4
15. Nxe4 Nf6 16. Nc5 Bd5 17. Ne5 Qc7 18. Rfe1 Bxg2 19. Kxg2 Raa8 20. Qf5 Rfe8
21. Ncd7 Be7 22. Nxf6+ Bxf6 23. Ng4 Be7 24. d5 c5 25. Re4 Bd6 1/2-1/2

[Event "22nd ch-EUR Indiv 2022"]
[Site "Terme Catez SLO"]
[Date "2022.04.04"]
[Round "9.67"]
[White "Holm, Kristian Stuvik"]
[Black "Van Dael, Siem"]
[Result "1/2-1/2"]
[WhiteTitle "IM"]
[BlackTitle "FM"]
[WhiteElo "2468"]
[BlackElo "2307"]
[WhiteFideId "1508083"]
[BlackFideId "1049771"]
[EventDate "2022.03.27"]

1. d4 g6 2. c4 Bg7 3. Nf3 d6 4. Nc3 Nf6 5. Bg5 O-O 6. e3 Nbd7 7. Bd3 c6 8. O-O
e5 9. Qc2 Re8 10. Rad1 Qc7 11. h3 Nf8 12. d5 N6d7 13. Be2 h6 14. dxc6 bxc6 15.
Bh4 Ne6 16. Qd2 Rb8 17. b3 f5 18. Bg3 Bf8 19. Nh4 Kh7 20. f4 exf4 21. exf4 Nf6
22. Bf2 d5 23. cxd5 1/2-1/2

[Event "22nd ch-EUR Indiv 2022"]
[Site "Terme Catez SLO"]
[Date "2022.04.04"]
[Round "9.68"]
[White "Subelj, Jan"]
[Black "Aizenberg, Benny"]
[Result "0-1"]
[WhiteTitle "IM"]
[BlackTitle "FM"]
[WhiteElo "2468"]
[BlackElo "2297"]
[WhiteFideId "14618583"]
[BlackFideId "2821125"]
[EventDate "2022.03.27"]

1. e4 c5 2. Nf3 d6 3. Bb5+ Nd7 4. d4 cxd4 5. Qxd4 a6 6. Be2 Ngf6 7. O-O e5 8.
Qe3 Nc5 9. Nc3 Be7 10. Rd1 Qc7 11. a4 O-O 12. Bf1 Be6 13. h3 h6 14. b4 Ncd7 15.
a5 d5 16. exd5 Bf5 17. Bd2 Rac8 18. Be1 Bxc2 19. Rdc1 Bh7 20. b5 Bc5 21. Qe2
axb5 22. Nxb5 Qb8 23. Qa2 Be4 24. Rd1 Bxf3 25. gxf3 e4 26. fxe4 Qe5 27. d6 Rfe8
28. Bg2 Nxe4 29. Nc7 Bxd6 30. Nxe8 Rxe8 31. Rab1 Ndc5 32. Rd5 Qh2+ 33. Kf1 Re6
34. Qc2 Rg6 35. f3 Ne6 36. fxe4 Nf4 37. Rxd6 Nxg2 38. Qd2 Ne3+ 0-1

[Event "22nd ch-EUR Indiv 2022"]
[Site "Terme Catez SLO"]
[Date "2022.04.04"]
[Round "9.69"]
[White "Korobov, Anton"]
[Black "Royal, Shreyas"]
[Result "1-0"]
[WhiteTitle "GM"]
[BlackTitle "FM"]
[WhiteElo "2695"]
[BlackElo "2296"]
[WhiteFideId "14105730"]
[BlackFideId "448869"]
[EventDate "2022.03.27"]

1. Nf3 Nf6 2. g3 d5 3. Bg2 e6 4. c4 Be7 5. O-O O-O 6. d4 c6 7. b3 b6 8. Qc2 Nbd7
9. Rd1 Ba6 10. Nbd2 c5 11. e4 dxc4 12. Nxc4 cxd4 13. e5 Nd5 14. Rxd4 Rc8 15. a4
Qc7 16. Bb2 Rfd8 17. Rc1 Nc5 18. Qd1 Qb8 19. Ba3 b5 20. axb5 Qxb5 21. Nfd2 Rb8
22. Nd6 Bxd6 23. exd6 Nxb3 24. Nxb3 Qxb3 25. Qxb3 Rxb3 26. Ra4 Rb6 27. f4 g6 28.
Bxd5 exd5 29. Rc7 Rdxd6 30. Bxd6 Rxd6 31. Rxa7 Bb5 32. Rb4 Bd7 33. Rb8+ Kg7 34.
Rd8 1-0

[Event "22nd ch-EUR Indiv 2022"]
[Site "Terme Catez SLO"]
[Date "2022.04.04"]
[Round "9.70"]
[White "Milikow, Yoav"]
[Black "Hovhannisyan, Robert"]
[Result "1-0"]
[WhiteTitle "FM"]
[BlackTitle "GM"]
[WhiteElo "2349"]
[BlackElo "2643"]
[WhiteFideId "2822237"]
[BlackFideId "13302507"]
[EventDate "2022.03.27"]

1. d4 Nf6 2. c4 e6 3. Nc3 Bb4 4. Qc2 d6 5. Nf3 O-O 6. Bd2 b6 7. e4 c5 8. Bd3
cxd4 9. Nxd4 Bc5 10. Nce2 e5 11. Nb3 Nc6 12. a3 a5 13. O-O Bg4 14. Kh1 Bxe2 15.
Bxe2 a4 16. Nc1 Nd4 17. Qd3 Ne6 18. Na2 Bd4 19. Qc2 Nc5 20. f3 Nb3 21. Rad1 Nxd2
22. Qxd2 Nd7 23. Rc1 Nc5 24. Bd1 f5 25. exf5 Rxf5 26. Nc3 Qh4 27. f4 Rxf4 28.
Bf3 Nb3 29. Qd1 Nxc1 30. g3 Rxf3 31. gxh4 Rxf1+ 32. Qxf1 Nb3 33. Qf3 Rd8 34.
Qd5+ Kh8 35. Nxa4 h6 36. Nxb6 Rf8 37. Nd7 Rd8 38. Qf7 Nc5 39. Nf6 e4 40. Ne8
Bxb2 41. Nxd6 Nd3 42. Qd5 Ne5 43. c5 Rf8 44. Qxe4 Rf2 45. c6 Rf1+ 46. Kg2 Rc1
47. a4 Rc5 48. Qb1 Rxc6 49. Qxb2 Nd3 50. Nf7+ Kh7 51. Qb1 Rg6+ 52. Ng5+ 1-0

[Event "22nd ch-EUR Indiv 2022"]
[Site "Terme Catez SLO"]
[Date "2022.04.04"]
[Round "9.71"]
[White "Levin, Guy"]
[Black "Stevic, Hrvoje"]
[Result "0-1"]
[WhiteTitle "FM"]
[BlackTitle "GM"]
[WhiteElo "2332"]
[BlackElo "2587"]
[WhiteFideId "2824213"]
[BlackFideId "14502569"]
[EventDate "2022.03.27"]

1. c4 e5 2. Nc3 Nc6 3. Nf3 Nf6 4. e4 Bb4 5. d3 d6 6. a3 Bc5 7. b4 Bb6 8. Na4 Bg4
9. Nxb6 axb6 10. Bb2 Nd7 11. Be2 h5 12. O-O Bxf3 13. Bxf3 Qg5 14. Be2 Nf8 15. f4
exf4 16. Qd2 Ng6 17. d4 O-O 18. Bd3 Rfe8 19. Kh1 h4 20. Rf3 Re7 21. Raf1 Rae8
22. Qc2 Nd8 23. Qf2 Qh5 24. d5 f6 25. c5 bxc5 26. bxc5 Nf7 27. Bb1 Ng5 28. Rb3
Nxe4 29. Bxe4 Rxe4 30. cxd6 Qxd5 0-1

[Event "22nd ch-EUR Indiv 2022"]
[Site "Terme Catez SLO"]
[Date "2022.04.04"]
[Round "9.72"]
[White "Roseneck, Jonas"]
[Black "Papp, Gabor1"]
[Result "0-1"]
[WhiteTitle "FM"]
[BlackTitle "GM"]
[WhiteElo "2376"]
[BlackElo "2574"]
[WhiteFideId "12939870"]
[BlackFideId "718602"]
[EventDate "2022.03.27"]

1. Nf3 d5 2. d4 Nf6 3. c4 e6 4. Nc3 c6 5. g3 Nbd7 6. Bg2 dxc4 7. O-O Be7 8. Nd2
Nb6 9. e3 e5 10. dxe5 Ng4 11. Nf3 Qxd1 12. Rxd1 Nd7 13. e6 fxe6 14. Rd4 Nge5 15.
Nd2 Nb6 16. f4 Nd3 17. Nxc4 Nxc1 18. Nxb6 axb6 19. Rxc1 e5 20. Re4 exf4 21. exf4
Kf7 22. b4 b5 23. Bf1 Bf6 24. a4 Bf5 25. Ree1 bxa4 26. Ne4 Bxe4 27. Rxe4 Rhe8
28. Rxe8 Kxe8 29. Bc4 a3 30. Ba2 Ra4 31. Rc4 Kd7 32. Kf2 b5 33. Re4 c5 34. Kf3
c4 35. Re3 Bd4 36. Re2 Rxb4 0-1

[Event "22nd ch-EUR Indiv 2022"]
[Site "Terme Catez SLO"]
[Date "2022.04.04"]
[Round "9.73"]
[White "Stocek, Jiri"]
[Black "Koelle, Tobias"]
[Result "0-1"]
[WhiteTitle "GM"]
[BlackTitle "FM"]
[WhiteElo "2555"]
[BlackElo "2378"]
[WhiteFideId "304760"]
[BlackFideId "16207378"]
[EventDate "2022.03.27"]

1. Nf3 d5 2. b3 Nf6 3. Bb2 Bf5 4. e3 h6 5. c4 e6 6. cxd5 exd5 7. Nc3 c6 8. Ne2
Bd6 9. Ng3 Bh7 10. Nh4 O-O 11. Nhf5 Bxg3 12. Nxg3 Re8 13. Be2 Nbd7 14. O-O a5
15. a4 Ne4 16. Nh5 Nef6 17. Nf4 Nc5 18. Rc1 Na6 19. Nd3 Qe7 20. Bd4 Nd7 21. f4
c5 22. Bb2 d4 23. Ne5 Nxe5 24. fxe5 dxe3 25. Bc4 Bg6 26. dxe3 Rad8 27. Qg4 Kh7
28. Rcd1 Nb4 29. Rxd8 Rxd8 30. h4 h5 31. Qg5 Qxg5 32. hxg5 Rd7 33. Bc3 b6 34.
Bb5 Rd8 35. e4 Na2 36. Be1 Rd4 37. Bc4 Rxe4 38. Bg3 Nc3 39. e6 fxe6 40. Bc7 Nd5
41. Bxd5 exd5 42. Bxb6 Rb4 43. Bxc5 Rxb3 44. Bd6 Rc3 45. Be5 Rc6 46. Rf3 Re6 47.
Bc3 Re4 48. Bxa5 Rxa4 49. Bd2 Be4 50. Rf2 Kg6 51. Kh2 Ra2 52. Kg3 Bf5 53. Be3
Ra3 54. Kf4 Ra4+ 55. Kf3 d4 56. Bd2 d3 57. Rf1 Ra2 58. Rf2 Rc2 59. g3 Ra2 60.
Ke3 Kxg5 61. Rf4 Ra6 62. Kf3 Kg6 63. Rd4 Re6 64. Kf4 Kf6 65. g4 Bxg4 66. Rxd3
g5+ 67. Kg3 Bf5 68. Rd8 h4+ 69. Kf2 Bh7 70. Rd5 Bf5 71. Ba5 Re4 72. Bc7 Kg6 73.
Bd8 Rf4+ 74. Kg1 Kh5 75. Rc5 Kg4 76. Ra5 Rd4 77. Bf6 Rd3 78. Ra4+ Kg3 79. Ra1 g4
80. Be5+ Kh3 81. Kf2 g3+ 82. Ke2 Kg2 0-1

[Event "22nd ch-EUR Indiv 2022"]
[Site "Terme Catez SLO"]
[Date "2022.04.04"]
[Round "9.74"]
[White "Gumularz, Szymon"]
[Black "Risteski, Emil"]
[Result "1/2-1/2"]
[WhiteTitle "GM"]
[BlackTitle "FM"]
[WhiteElo "2539"]
[BlackElo "2374"]
[WhiteFideId "1188062"]
[BlackFideId "15005267"]
[EventDate "2022.03.27"]

1. d4 Nf6 2. c4 g6 3. Nc3 Bg7 4. e4 d6 5. h3 O-O 6. Be3 e5 7. d5 Na6 8. g4 Nc5
9. f3 c6 10. Qd2 cxd5 11. cxd5 Ne8 12. h4 Bf6 13. h5 Bh4+ 14. Kd1 g5 15. Nh3 f6
16. Rc1 Bd7 17. Kc2 a6 18. Kb1 b5 19. Nd1 Rc8 20. Ndf2 a5 21. Be2 b4 22. Bc4 Nc7
23. Nd3 N7a6 24. Nxc5 Nxc5 25. Rc2 Qb6 26. Nf2 1/2-1/2

[Event "22nd ch-EUR Indiv 2022"]
[Site "Terme Catez SLO"]
[Date "2022.04.04"]
[Round "9.75"]
[White "Yordanov, Lachezar"]
[Black "Vetoshko, Volodymyr"]
[Result "0-1"]
[WhiteTitle "FM"]
[BlackTitle "GM"]
[WhiteElo "2318"]
[BlackElo "2507"]
[WhiteFideId "2918927"]
[BlackFideId "14122480"]
[EventDate "2022.03.27"]

1. d4 Nf6 2. c4 g6 3. Nc3 Bg7 4. e4 d6 5. Nf3 O-O 6. Be2 Nbd7 7. O-O e5 8. Be3
Qe7 9. Qc2 c6 10. Rad1 h6 11. Rfe1 Ng4 12. Bc1 exd4 13. Nxd4 Nxf2 14. Kxf2 Qh4+
15. Ke3 Bxd4+ 16. Rxd4 Qxe1 17. Qd1 Qxd1 18. Rxd1 Ne5 19. Rxd6 Bg4 20. Bf1 Rfd8
21. Rxd8+ Rxd8 22. b3 Bd1 23. h3 Bc2 24. Be2 Bd3 25. Ba3 Bxe2 26. Kxe2 Nd3 27.
g3 Ne5 28. Nd1 Nf3 29. Nf2 Nd4+ 30. Kf1 h5 31. Bb2 f6 32. Bc3 Kf7 33. h4 b6 34.
Nh3 a5 35. Kf2 Nc2 36. Ke2 Nb4 37. a3 Nd3 0-1

[Event "22nd ch-EUR Indiv 2022"]
[Site "Terme Catez SLO"]
[Date "2022.04.04"]
[Round "9.76"]
[White "Demuth, Adrien"]
[Black "Kenneskog, Theodor"]
[Result "1-0"]
[WhiteTitle "GM"]
[BlackTitle "FM"]
[WhiteElo "2496"]
[BlackElo "2354"]
[WhiteFideId "642274"]
[BlackFideId "1715011"]
[EventDate "2022.03.27"]

1. e4 c5 2. g3 d5 3. exd5 Qxd5 4. Nf3 Bg4 5. Bg2 Qe6+ 6. Kf1 Bh3 7. d4 cxd4 8.
Nxd4 Bxg2+ 9. Kxg2 Qd5+ 10. Qf3 Qxf3+ 11. Nxf3 Nf6 12. c4 e6 13. Nc3 a6 14. Rd1
Nbd7 15. b3 Bb4 16. Bb2 O-O 17. Ne4 Rfd8 18. Nd6 Rab8 19. Ng5 Bxd6 20. Rxd6 h6
21. Rad1 hxg5 22. Bxf6 gxf6 23. Rxd7 Rxd7 24. Rxd7 g4 25. h3 gxh3+ 26. Kxh3 a5
27. a4 b6 28. Kg4 Rc8 29. Rd6 Rb8 30. Rd7 Rc8 31. Rd6 Rb8 32. Rc6 Rb7 33. Rc8+
Kg7 34. Kf4 Rd7 35. Rc6 Rb7 36. Rc8 Rd7 37. Rc6 Rb7 38. Ke4 Kf8 39. Kd4 Ke7 40.
c5 bxc5+ 41. Kc4 f5 42. Rxc5 Ra7 43. b4 axb4 44. a5 Kd6 45. Kxb4 Ra8 46. Rc2 e5
47. Ra2 Kc6 48. Kc4 Ra6 49. Ra3 Kb7 50. Kd5 f6 51. Rb3+ Kc7 52. Rc3+ Kd7 53. Ra3
Kc7 54. Rc3+ Kd7 55. Rc5 Rd6+ 56. Kc4 Rd4+ 57. Kb5 Rd2 58. a6 Rxf2 59. a7 Ra2
60. Kb6 Rxa7 61. Kxa7 Kd6 62. Kb6 f4 63. gxf4 1-0

[Event "22nd ch-EUR Indiv 2022"]
[Site "Terme Catez SLO"]
[Date "2022.04.04"]
[Round "9.77"]
[White "Yilmazyerli, Mert"]
[Black "Spalir, Jernej"]
[Result "1-0"]
[WhiteTitle "IM"]
[BlackTitle "IM"]
[WhiteElo "2466"]
[BlackElo "2373"]
[WhiteFideId "6305962"]
[BlackFideId "14606518"]
[EventDate "2022.03.27"]

1. c4 c6 2. e4 d5 3. exd5 cxd5 4. d4 Nf6 5. Nc3 e6 6. Nf3 Bb4 7. cxd5 Nxd5 8.
Qc2 O-O 9. Bd3 h6 10. O-O Bxc3 11. bxc3 b6 12. Ba3 Re8 13. c4 Ne7 14. Bh7+ Kh8
15. Ne5 Qxd4 16. Nxf7# 1-0

[Event "22nd ch-EUR Indiv 2022"]
[Site "Terme Catez SLO"]
[Date "2022.04.04"]
[Round "9.78"]
[White "Markoja, Boris"]
[Black "Ortega Ruiz, Jose Miguel"]
[Result "1-0"]
[WhiteTitle "IM"]
[BlackTitle "FM"]
[WhiteElo "2461"]
[BlackElo "2331"]
[WhiteFideId "14608502"]
[BlackFideId "2209713"]
[EventDate "2022.03.27"]

1. c4 e5 2. g3 Nf6 3. Bg2 d5 4. cxd5 Nxd5 5. Nc3 Nb6 6. e3 Nc6 7. Nge2 Qd3 8. f4
Bg4 9. h3 Bxe2 10. Qxe2 Qxe2+ 11. Kxe2 exf4 12. gxf4 O-O-O 13. Bxc6 bxc6 14. b3
g6 15. Bb2 Bg7 16. Rac1 Rhe8 17. Na4 Bxb2 18. Nxb2 Re6 19. Rc2 Nd5 20. Rf1 Ne7
21. Nc4 Rd5 22. Ne5 f6 23. Nf3 Nf5 24. Kf2 Kb7 25. Rfc1 Ra5 26. a4 Rd5 27. b4 a6
28. Rc3 h6 29. h4 h5 30. Rg1 Ne7 31. d3 Rd8 32. e4 f5 33. Ng5 Rf6 34. e5 Rff8
35. Ne6 Rfe8 36. Nxd8+ Rxd8 37. Rgc1 Rd4 38. Rc4 Rxd3 39. b5 Rd2+ 40. Ke3 Rb2
41. bxc6+ Kb6 42. Rc5 Rb3+ 43. Kd4 Rb4+ 44. R1c4 Rb1 45. a5+ Ka7 46. Kd3 Kb8 47.
Rd4 Kc8 48. Kc2 Rh1 49. Rd7 Nxc6 50. e6 1-0

[Event "22nd ch-EUR Indiv 2022"]
[Site "Terme Catez SLO"]
[Date "2022.04.04"]
[Round "9.79"]
[White "Dordzhieva, Dinara"]
[Black "Barbot, Pierre1"]
[Result "0-1"]
[WhiteTitle "WGM"]
[BlackTitle "IM"]
[WhiteElo "2325"]
[BlackElo "2455"]
[WhiteFideId "24157570"]
[BlackFideId "663727"]
[EventDate "2022.03.27"]

1. d4 Nf6 2. Nf3 e6 3. c4 d5 4. g3 Bb4+ 5. Bd2 Be7 6. Bg2 O-O 7. O-O Nbd7 8. Qc2
Ne4 9. Nc3 Nxd2 10. Nxd2 c6 11. e4 dxe4 12. Ndxe4 f5 13. Nd2 e5 14. dxe5 Nxe5
15. Rad1 Qc7 16. Rfe1 f4 17. Nce4 Bg4 18. f3 Bh5 19. g4 Bg6 20. c5 Rad8 21. Nb3
h5 22. h3 hxg4 23. hxg4 Nxg4 24. Rxd8 Qxd8 25. fxg4 f3 26. Qd2 fxg2 27. Qxd8
Bxd8 28. Kxg2 Rf4 29. Nd6 Rxg4+ 30. Kh3 Rb4 31. Re2 a5 32. Rd2 a4 33. Nd4 Bf6
34. Ne6 Rxb2 35. Rd1 Rxa2 36. Nf4 Bf7 37. Nxf7 Kxf7 38. Rd7+ Ke8 39. Rxb7 a3 40.
Ra7 Ra1 41. Nh5 a2 42. Kg2 Be5 43. Ra6 g6 0-1